000 00674nam a2200253Ia 4500
001 Z_5617
003 CHAP
008 220113s2000 xx 000 0 und d
010 _a168715
040 _cCHAP
082 _a636.08 R4 2000
100 _aReunión Nacional de Investigación Pecuaria (36 : 2000 : Hermosillo, Son.)
_9142999
245 _aMemoria /
_cLa Secretaria
260 _aHermosillo, Son. :
_bLa Secretaria,
_c2000
300 _a331 p.
650 _aGanadería
_xCongresos
_944677
650 _aGanadería
_xInvestigación
_xMéxico
_9137364
901 _a636.08 R4 2000
902 _aM
910 _a2000
942 _c1
942 _cc1
999 _c168715
_d168715